Frozen man / (Record no. 489)

MARC details
000 -LEADER
fixed length control field 01321cam a2200301 a 4500
005 - DATE AND TIME OF LATEST TRANSACTION
control field 20250407110630.0
020 ## - INTERNATIONAL STANDARD BOOK NUMBER
International Standard Book Number 0805032614 (acidfree paper) :
Terms of availability $14.95 FPT ($20.95 Can.)
020 ## - INTERNATIONAL STANDARD BOOK NUMBER
International Standard Book Number 9780805046458
040 ## - CATALOGING SOURCE
Original cataloging agency DLC
Transcribing agency DLC
Modifying agency DLC
Language of cataloging eng
050 00 - LIBRARY OF CONGRESS CALL NUMBER
Classification number GN776.22.I8
Item number G47 1994
082 00 - DEWEY DECIMAL CLASSIFICATION NUMBER
Classification number 937/.3
Edition number 20
100 1# - MAIN ENTRY--PERSONAL NAME
Personal name Getz, David.
245 10 - TITLE STATEMENT
Title Frozen man /
Statement of responsibility, etc. David Getz ; illustrated by Peter McCarty.
250 ## - EDITION STATEMENT
Edition statement 1st ed.
260 ## - PUBLICATION, DISTRIBUTION, ETC.
Place of publication, distribution, etc. New York :
Name of publisher, distributor, etc. H. Holt and Co.,
Date of publication, distribution, etc. 1994.
300 ## - PHYSICAL DESCRIPTION
Extent 68 pages :
Other physical details color illustrations maps ;
Dimensions 20 cm.
490 1# - SERIES STATEMENT
Series statement A Redfeather book
505 ## - FORMATTED CONTENTS NOTE
Formatted contents note Q
520 ## - SUMMARY, ETC.
Summary, etc. When an archaeologist examines a body found frozen in the Austrian Alps, he learns something extraordinary. The well-preserved body-- and the tools and clothing found at the site-- indicates that the man diedmore than 5,000 years ago. * ALA Recommended Book for Reluctant Readers *Hungry Mind Review Children's Book of Distinction * NSTA-CBC Outstanding Science Trade Book for Children
521 ## - TARGET AUDIENCE NOTE
Target audience note 860 <br/>
Source Lexile
521 ## - TARGET AUDIENCE NOTE
Target audience note Q <br/>
Source Raz-Plus
650 #0 - SUBJECT ADDED ENTRY--TOPICAL TERM
Topical term or geographic name entry element Otzi (Ice mummy)
650 #0 - SUBJECT ADDED ENTRY--TOPICAL TERM
Topical term or geographic name entry element Copper age
Geographic subdivision Italy
-- Hauslabjoch Pass
General subdivision Juvenile literature.
650 #0 - SUBJECT ADDED ENTRY--TOPICAL TERM
Topical term or geographic name entry element Ice mummies
Geographic subdivision Italy
-- Hauslabjoch Pass
General subdivision Juvenile literature.
906 ## - LOCAL DATA ELEMENT F, LDF (RLIN)
a 7
b cbc
c orignew
d 1
e ocip
f 19
g y-gencatlg
942 ## - ADDED ENTRY ELEMENTS (KOHA)
Source of classification or shelving scheme Dewey Decimal Classification
Koha item type Books
Suppress in OPAC No
999 ## -
-- 489
-- 489
Holdings
Withdrawn status Lost status Source of classification or shelving scheme Damaged status Not for loan Collection Home library Current library Shelving location Date acquired Total Checkouts Full call number Barcode Date last seen Price effective from Koha item type
    Dewey Decimal Classification     Fiction Footprints International School Library Network Toul Kork Campus Footprints International School Library Network Toul Kork Campus A TK Campus, 4th Floor, Room B401, Fiction Bookcases (1-6) 05/02/2023   GET 937.3 GN776.I8 FISTK02115 05/02/2023 05/02/2023 Books